[Event "Hannover-chA"]
[Site "Bueckeburg"]
[Date "2007.11.03"]
[Round "5"]
[White "Fink, Johannes"]
[Black "Lieberum, Bodo"]
[Result "0-1"]
[WhiteElo "1388"]
[BlackElo "1416"]
[PlyCount "56"]
[EventDate "2007.11.01"]
[EventType "swiss"]
[EventRounds "7"]
[EventCountry "GER"]
[SourceTitle "EXT 2021"]
[Source "ChessBase"]
[SourceDate "2020.10.23"]
[SourceVersion "1"]
[SourceVersionDate "2020.10.23"]
[SourceQuality "1"]

1. Nf3 Nc6 2. g3 e5 3. d3 h6 4. Bg2 Bc5 5. Nbd2 d6 6. 0-0 a6 7. a4 Bg4 8. b3 Bb4 9. Bb2 Bxd2 10. Qxd2 Qf6 11. Rfe1 Nge7 12. c4 0-0 13. Qc3 Ng6 14. Rac1 Bxf3 15. Bxf3 Nd4 16. Bg2 h5 17. b4 h4 18. Bxb7 Rab8 19. Bg2 Qf5 20. h3 hxg3 21. fxg3 Qg5 22. Kh2 Qe3 23. Bf3 Qf2+ 24. Kh1 Qxg3 25. Rb1 Qxh3+ 26. Kg1 Qg3+ 27. Kh1 Nh4 28. Qd2 Qh3+ 0-1